Quick Pick: Kinky Boots Songs Quiz Stats

 Plays Quiz not verified by Sporcle

Score 0/14 Timer 01:00
0 Plays Today
% Correct
Everybody
95.9%
Son
94.3%
Heel
93.1%
Take
92.1%
Guys
92.1%
Raise
91.2%
Woman
90.9%
% Correct
Soliloquy
90.5%
Hold
90.2%
Land
89.9%
Man
89.9%
Thing
89%
Step
88%
Corner
86.4%

You're not logged in!

Compare scores with friends on all Sporcle quizzes.
OR
Log In

Sporcle TV

Today on Sporcle TV


Watch our educational content, quiz creation guides, and fun videos on Sporcle TV.

Show Comments

Extras

Top Quizzes Today


Score Distribution

Your Account Isn't Verified!

In order to create a playlist on Sporcle, you need to verify the email address you used during registration. Go to your Sporcle Settings to finish the process.

Report this User

Report this user for behavior that violates our Community Guidelines.

Details: